| 000 | 00549nam a2200181 a 4500 | ||
|---|---|---|---|
| 008 | 951215s1987||||[C 0 slo c | ||
| 020 |
_c12 Kčs. _q(60000 výtl.) |
||
| 040 |
_aSNK _bslo _cSNK _eAACR2 |
||
| 041 | 1 |
_aslo _hslo |
|
| 080 | _a641.528(035) | ||
| 100 | 1 |
_aLifková, Zdenka _4aut |
|
| 245 | 1 | 0 |
_aZmrazovanie potravín v mrazničkách _cZdenka Lifková ; Milan Chvíla |
| 260 |
_aBratislava _bAlfa _c1987 _eBratislava _fZápadoslovenské tlačiarne |
||
| 300 | _bTb. Fot. | ||
| 700 | 1 |
_aChvíla, Milan _4bkd |
|
| 044 |
_axo _cSK |
||
| 958 | _aA | ||
| 999 |
_c19849 _d19849 |
||